Everything i have is blue

Kaydedildi:
Detaylı Bibliyografya
Yazar: Ricketts, Wendell
Materyal Türü: Bilinmiyor
Dil:İngilizce
Baskı/Yayın Bilgisi: Suspect Thoughts 2005
Etiketler: Etiketle
Etiket eklenmemiş, İlk siz ekleyin!

MARC

LEADER 00000 a2200000 4500
005 20240918183327.0
008 240731b |||||||| |||| 00| 0 eng d
020 |a 978-0974638898 
040 |c GP 
100 |a Ricketts, Wendell 
245 |a Everything i have is blue 
260 |b Suspect Thoughts   |c 2005 
942 |2 ddc  |c BK  |n 0 
952 |0 0  |1 0  |2 ddc  |4 0  |6 810_000000000000000_RIC  |7 1  |9 1750  |a RM  |b RM  |d 2024-07-31  |l 0  |o 810 RIC  |p 551  |r 2024-07-31 18:52:04  |w 2024-07-31  |y BK 
999 |c 1566  |d 1566